La formación de conceptos en el Derecho Público. Un estudio de metodología académica: definición funciones y criterios de formación de los conceptos jurídicos
Furkejuvvon:
| Váldodahkki: | |
|---|---|
| Materiálatiipa: | Dovdameahttun |
| Giella: | eaŋgalasgiella espánnjágiella |
| Almmustuhtton: |
Madrid, España
Marcial Pons
2018
|
| Preanttus: | Primera edición |
| Ráidu: | Administración Pública y Derecho
|
| Fáttát: | |
| Fáddágilkorat: |
Lasit fáddágilkoriid
Eai fáddágilkorat, Lasit vuosttaš fáddágilkora!
|
MARC
| LEADER | 00000 a2200000 4500 | ||
|---|---|---|---|
| 003 | CL-VaPUC | ||
| 005 | 20210313002224.0 | ||
| 008 | 200106b ||||| |||| 00| 0 eng d | ||
| 999 | |c 375987 |d 375985 | ||
| 020 | |a 9788491234579 | ||
| 040 | |c Pontificia Universidad Católica de Valparaíso | ||
| 041 | 0 | |a spa | |
| 082 | |a 342.46 DIE 2018 | ||
| 100 | 1 | |a Diéz Sastre, Silvia |9 604927 | |
| 245 | 1 | 3 | |a La formación de conceptos en el Derecho Público. |b Un estudio de metodología académica: definición funciones y criterios de formación de los conceptos jurídicos |
| 250 | |a Primera edición | ||
| 260 | 3 | |b Marcial Pons |c 2018 |a Madrid, España | |
| 300 | |a 218 p | ||
| 490 | 0 | 0 | |a Administración Pública y Derecho |
| 505 | 0 | |a Capítulo primero. Presupuestos de la investigación. Capítulo segundo. Los conceptos jurídicos. Capítulo tercero. La formación de conceptos en el Derecho Público. Bibliografía. | |
| 583 | |k Hugo Gaete |c 20200106 | ||
| 650 | 0 | 0 | |a DERECHO PUBLICO ESPAÑOL |9 530543 |
| 650 | 0 | 0 | |a Derecho privado |9 258243 |
| 942 | |2 ddc |c BK | ||
| 952 | |0 0 |1 0 |2 ddc |4 0 |6 342_460000000000000_DIE_2018 |7 0 |9 495197 |a BIBDER |b BIBDER |d 2019-12-26 |e 36 |g 18580.00 |i 5570859 |o 342.46 DIE 2018 |p 5570859 |r 2023-01-25 |t 1 |v 18580.00 |w 2019-12-26 |y BK |k DER | ||